ბათუმის შოთა რუსთაველის სახელმწიფო უნივერსიტეტის ბიბლიოთეკა

იყო და მარად იქნება (ბიბ.ჩანაწერი № 42194)

000 -LEADER
fixed length control field 01126nam a2200229Ia 4500
001 - CONTROL NUMBER
control field 8887
003 - CONTROL NUMBER IDENTIFIER
control field GE_BSU
008 - FIXED-LENGTH DATA ELEMENTS--GENERAL INFORMATION
fixed length control field 181216s||||||||xx |||||||||||||| ||und||
040 ## - CATALOGING SOURCE
Transcribing agency GE_BSU
080 ## - UNIVERSAL DECIMAL CLASSIFICATION NUMBER
Universal Decimal Classification number 821.353.1-92+94(479.223)
245 ## - TITLE STATEMENT
Title იყო და მარად იქნება
245 ## - TITLE STATEMENT
Remainder of title პუბლიცისტური წერილების,მოთხრობების,ლექსებისა და მოგონებების კრებული მიძღვნილი აჭარისადმი
245 ## - TITLE STATEMENT
Statement of responsibility, etc. შემდგ. მ.ვარშანიძე
260 ## - PUBLICATION, DISTRIBUTION, ETC.
Place of publication, distribution, etc. ბათუმი
260 ## - PUBLICATION, DISTRIBUTION, ETC.
Name of publisher, distributor, etc. საბჭოთა აჭარა
260 ## - PUBLICATION, DISTRIBUTION, ETC.
Date of publication, distribution, etc. 1978
300 ## - PHYSICAL DESCRIPTION
Extent 292გვ.20სმ.
653 ## - INDEX TERM--UNCONTROLLED
Uncontrolled term იყო და მარად იქნება
653 ## - INDEX TERM--UNCONTROLLED
Uncontrolled term პუბლიცისტური წერილების,მოთხრობების,ლექსებისა და მოგონებების კრებული მიძღვნილი აჭარისადმი
942 ## - ADDED ENTRY ELEMENTS (KOHA)
Koha item type წიგნი
ეგზემპლარები
Withdrawn status Lost status Damaged status Not for loan Date acquired Barcode Date last seen Price effective from Koha item type
        2018-12-17 31410 2018-12-17 2018-12-17 წიგნი